<?xml version="1.0" encoding="UTF-8"?>
<record
    xmlns:xsi="http://www.w3.org/2001/XMLSchema-instance"
    xsi:schemaLocation="http://www.loc.gov/MARC21/slim http://www.loc.gov/standards/marcxml/schema/MARC21slim.xsd"
    xmlns="http://www.loc.gov/MARC21/slim">

  <leader>01047pam a2200337 ia4500</leader>
  <controlfield tag="001">vtls000920648</controlfield>
  <controlfield tag="003">PNM</controlfield>
  <controlfield tag="005">20211116090824.0</controlfield>
  <controlfield tag="008">201207t20212021my ao  e      000 0 may  </controlfield>
  <datafield tag="015" ind1=" " ind2=" ">
    <subfield code="a">M21-02456</subfield>
  </datafield>
  <datafield tag="020" ind1=" " ind2=" ">
    <subfield code="a">9789672976059</subfield>
    <subfield code="q">paperback</subfield>
    <subfield code="c">RM 38.50</subfield>
  </datafield>
  <datafield tag="020" ind1=" " ind2=" ">
    <subfield code="a">9789671842492</subfield>
    <subfield code="q">set</subfield>
  </datafield>
  <datafield tag="039" ind1=" " ind2="9">
    <subfield code="a">202107011200</subfield>
    <subfield code="b">rosliza</subfield>
    <subfield code="c">202106300432</subfield>
    <subfield code="d">zainura</subfield>
    <subfield code="c">202103062129</subfield>
    <subfield code="d">ain</subfield>
    <subfield code="c">202012090906</subfield>
    <subfield code="d">sham</subfield>
  </datafield>
  <datafield tag="040" ind1=" " ind2=" ">
    <subfield code="a">BNM</subfield>
    <subfield code="b">eng</subfield>
    <subfield code="c">BNM</subfield>
    <subfield code="e">rda</subfield>
    <subfield code="d">PPAK</subfield>
  </datafield>
  <datafield tag="049" ind1=" " ind2=" ">
    <subfield code="a">mal</subfield>
  </datafield>
  <datafield tag="082" ind1="0" ind2="4">
    <subfield code="a">923.595</subfield>
    <subfield code="2">23</subfield>
  </datafield>
  <datafield tag="090" ind1="0" ind2="0">
    <subfield code="a">923.595</subfield>
    <subfield code="b">FAU</subfield>
    <subfield code="d">K</subfield>
  </datafield>
  <datafield tag="100" ind1="0" ind2=" ">
    <subfield code="a">Fauziah Abd. Ralip,</subfield>
    <subfield code="e">author.</subfield>
  </datafield>
  <datafield tag="245" ind1="1" ind2="0">
    <subfield code="a">TOKOH SUKAN NEGARA /</subfield>
    <subfield code="c">FAUZIAH ABD RALIP</subfield>
  </datafield>
  <datafield tag="264" ind1=" " ind2="1">
    <subfield code="a">Pasir Mas, Kelantan :</subfield>
    <subfield code="b">ABADA PUBLICATION,</subfield>
    <subfield code="c">2021</subfield>
  </datafield>
  <datafield tag="264" ind1=" " ind2=" ">
    <subfield code="c">&#xA9;2021</subfield>
  </datafield>
  <datafield tag="300" ind1=" " ind2=" ">
    <subfield code="a">64 pages :</subfield>
    <subfield code="b">colour photographs ;</subfield>
    <subfield code="c">26 cm.</subfield>
  </datafield>
  <datafield tag="336" ind1=" " ind2=" ">
    <subfield code="a">text</subfield>
    <subfield code="2">rdacontent</subfield>
  </datafield>
  <datafield tag="337" ind1=" " ind2=" ">
    <subfield code="a">unmediated</subfield>
    <subfield code="2">rdamedia</subfield>
  </datafield>
  <datafield tag="338" ind1=" " ind2=" ">
    <subfield code="a">volume</subfield>
    <subfield code="2">rdacarrier</subfield>
  </datafield>
  <datafield tag="490" ind1="1" ind2=" ">
    <subfield code="a">TOP 10 NEGARA</subfield>
  </datafield>
  <datafield tag="650" ind1="1" ind2="0">
    <subfield code="a">Athletes</subfield>
    <subfield code="z">Malaysia</subfield>
    <subfield code="v">Biography</subfield>
  </datafield>
  <datafield tag="650" ind1="2" ind2="0">
    <subfield code="a">Sports personnel</subfield>
    <subfield code="z">Malaysia</subfield>
    <subfield code="v">Biography</subfield>
  </datafield>
  <datafield tag="830" ind1=" " ind2="0">
    <subfield code="a">Top 10 negara</subfield>
  </datafield>
  <datafield tag="942" ind1=" " ind2=" ">
    <subfield code="2">ddc</subfield>
    <subfield code="c">B</subfield>
  </datafield>
  <datafield tag="999" ind1=" " ind2=" ">
    <subfield code="c">186057</subfield>
    <subfield code="d">186057</subfield>
  </datafield>
  <datafield tag="952" ind1=" " ind2=" ">
    <subfield code="0">0</subfield>
    <subfield code="7">0</subfield>
    <subfield code="b">PPAK</subfield>
    <subfield code="c">K</subfield>
    <subfield code="d">2021-11-24</subfield>
    <subfield code="o">K 923.595 FAU</subfield>
    <subfield code="p">A01715074</subfield>
    <subfield code="r">2021-11-24 00:00:00</subfield>
    <subfield code="y">B</subfield>
  </datafield>
  <datafield tag="952" ind1=" " ind2=" ">
    <subfield code="0">0</subfield>
    <subfield code="7">0</subfield>
    <subfield code="b">SP</subfield>
    <subfield code="c">K</subfield>
    <subfield code="d">2021-11-24</subfield>
    <subfield code="l">2</subfield>
    <subfield code="m">1</subfield>
    <subfield code="o">K 923.595 FAU</subfield>
    <subfield code="p">A01715075</subfield>
    <subfield code="r">2025-12-29 15:19:36</subfield>
    <subfield code="s">2025-12-10</subfield>
    <subfield code="y">B</subfield>
  </datafield>
  <datafield tag="952" ind1=" " ind2=" ">
    <subfield code="0">0</subfield>
    <subfield code="7">0</subfield>
    <subfield code="b">KM</subfield>
    <subfield code="c">K</subfield>
    <subfield code="d">2021-11-24</subfield>
    <subfield code="o">K 923.595 FAU</subfield>
    <subfield code="p">A01715076</subfield>
    <subfield code="r">2021-11-24 00:00:00</subfield>
    <subfield code="y">B</subfield>
  </datafield>
  <datafield tag="952" ind1=" " ind2=" ">
    <subfield code="0">0</subfield>
    <subfield code="7">0</subfield>
    <subfield code="b">BL</subfield>
    <subfield code="c">K</subfield>
    <subfield code="d">2021-11-24</subfield>
    <subfield code="o">K 923.595 FAU</subfield>
    <subfield code="p">A01715077</subfield>
    <subfield code="r">2021-11-24 00:00:00</subfield>
    <subfield code="y">B</subfield>
  </datafield>
  <datafield tag="952" ind1=" " ind2=" ">
    <subfield code="0">0</subfield>
    <subfield code="7">0</subfield>
    <subfield code="b">BB</subfield>
    <subfield code="c">K</subfield>
    <subfield code="d">2021-11-24</subfield>
    <subfield code="o">K 923.595 FAU</subfield>
    <subfield code="p">A01715078</subfield>
    <subfield code="r">2021-11-24 00:00:00</subfield>
    <subfield code="y">B</subfield>
  </datafield>
  <datafield tag="952" ind1=" " ind2=" ">
    <subfield code="0">0</subfield>
    <subfield code="7">0</subfield>
    <subfield code="b">YN</subfield>
    <subfield code="c">K</subfield>
    <subfield code="d">2021-11-24</subfield>
    <subfield code="l">1</subfield>
    <subfield code="o">K 923.595 FAU</subfield>
    <subfield code="p">A01715079</subfield>
    <subfield code="r">2023-09-13 14:26:36</subfield>
    <subfield code="s">2023-09-07</subfield>
    <subfield code="y">B</subfield>
  </datafield>
</record>
